01132cam a2200277 a 4500999001500000001000600015003000900021005001700030008004100047020001600088020001800104040003800122082001900160100001500179245011700194260003800311300002400349500002000373650004300393650001500436700002200451942001200473952011700485952013500602952011700737 c3732d373219179BD-DhUAP20200311123626.0200311s1998 bg abf b f000 0 eng  a0140440674  a9780140440676 aBD-DhUAPcBD-DhUAPdBD-DhUAPbEng a882.01 AES223 aAeschylus. aThe Oresteian trilogy : bAgamemnon, the Choephori, the Eumenides /cAeschylus ; translated by Philip Vellacott. aLondon :bPenguin Books, cc1959. a203 pages ;c20 cm. aIncludes index. aAeschylus -- Translations into English aAeschylus. aVellacott, Philip 2ddccBK 00102ddc4070aUAPCLbUAPCLcGeneral Stacksd2020-03-11o882.01 AESp3010019279r2020-03-11t1w2020-03-11yBK 00102ddc4070aUAPCLbUAPCLcGeneral Stacksd2020-03-11l1m2o882.01 AESp3010020239r2023-12-02s2023-10-22t2w2020-03-11yBK 00102ddc4070aUAPCLbUAPCLcGeneral Stacksd2020-03-11o882.01 AESp3010020242r2020-03-11t3w2020-03-11yBK